Asijský způsob
Krajiny juhovýchodnej Ázie (Čína, Japonsko, Južná Kórea, Singapur, Hongkong, Tchaj-wan) sa vyznačujú nepretržitým ekonomickým rastom. Jednotlivé krajiny sa v spôsobe rozvoja ekonomiky zbližujú, formuje sa akýsi "všeázijský spôsob".
Salvato in:
| Autore principale: | |
|---|---|
| Natura: | Capitolo di libro |
| Lingua: | ceco |
| Soggetti: | |
| Tags: |
Nessun Tag, puoi essere il primo ad aggiungerne!!
|
MARC
| LEADER | 00000naa a2200000 4500 | ||
|---|---|---|---|
| 001 | r020747 | ||
| 005 | 20221208130944.7 | ||
| 041 | 0 | |a cze | |
| 044 | |a CZ | ||
| 245 | 1 | 0 | |a Asijský způsob |c J. Jirásek |
| 520 | |a Krajiny juhovýchodnej Ázie (Čína, Japonsko, Južná Kórea, Singapur, Hongkong, Tchaj-wan) sa vyznačujú nepretržitým ekonomickým rastom. Jednotlivé krajiny sa v spôsobe rozvoja ekonomiky zbližujú, formuje sa akýsi "všeázijský spôsob". | ||
| 610 | 2 | 0 | |a hospodárstvo národné |
| 610 | 2 | 0 | |a juhovýchodná Ázia |
| 610 | 2 | 0 | |a rast hospodársky |
| 610 | 2 | 0 | |a rozvoj hospodársky |
| 610 | 2 | 0 | |a Čína |
| 610 | 2 | 0 | |a Japonsko |
| 610 | 2 | 0 | |a Južná Kórea |
| 610 | 2 | 0 | |a Singapur |
| 610 | 2 | 0 | |a Hongkong |
| 610 | 2 | 0 | |a Taiwan |
| 100 | 1 | |a Jirásek, J. | |